00748nam a2200193 i 450000100060000000300090000600500170001500700030003200800410003510000230007624500920009926000650019130000490025653000350030561000160034065100420035685200650039885600910046345816ES-MaACL20250710134120.0t|030327s1914 fr ||||1| fre d1 aCollignon, Maxime.13aLe Parthénon : bl'histoire, l'architecture et la sculpture / cpar Maxime Collignon. aParis : bHachette et Cie., c1914] (fImp. Berger-Levrault) a210 p., [22] h. de lám. : bil. ; c28 cm. aDisponible en formato digital.24aPartenón. 4aAtenas-xEdificios, estructuras, etc. aES-MaACLjF-127cDEPO2zRevisado enlace: 10 de julio de 20254 uhttps://archive.org/details/leparthnonlhisto00coll/page/n11/mode/2upyInternet Archive